<?xml version="1.0" encoding="UTF-8"?>
<record
    xmlns:xsi="http://www.w3.org/2001/XMLSchema-instance"
    xsi:schemaLocation="http://www.loc.gov/MARC21/slim http://www.loc.gov/standards/marcxml/schema/MARC21slim.xsd"
    xmlns="http://www.loc.gov/MARC21/slim">

  <leader>04280cam a2200337   4500500</leader>
  <controlfield tag="005">20251228045517.0</controlfield>
  <datafield tag="041" ind1=" " ind2=" ">
    <subfield code="a">fre</subfield>
  </datafield>
  <datafield tag="042" ind1=" " ind2=" ">
    <subfield code="a">dc</subfield>
  </datafield>
  <datafield tag="100" ind1="1" ind2="0">
    <subfield code="a">Hagan, Julie</subfield>
    <subfield code="e">author</subfield>
  </datafield>
  <datafield tag="700" ind1="1" ind2="0">
    <subfield code="a">L&#xE9;vesque, Emmanuelle</subfield>
    <subfield code="e">author</subfield>
  </datafield>
  <datafield tag="700" ind1="1" ind2="0">
    <subfield code="a">Knoppers, Bartha Maria</subfield>
    <subfield code="e">author</subfield>
  </datafield>
  <datafield tag="245" ind1="0" ind2="0">
    <subfield code="a">Influence des facteurs organisationnels sur l&#x2019;implantation d&#x2019;une approche personnalis&#xE9;e de d&#xE9;pistage du cancer du sein</subfield>
  </datafield>
  <datafield tag="260" ind1=" " ind2=" ">
    <subfield code="c">2016.
							</subfield>
  </datafield>
  <datafield tag="500" ind1=" " ind2=" ">
    <subfield code="a">41</subfield>
  </datafield>
  <datafield tag="520" ind1=" " ind2=" ">
    <subfield code="a">Objectif : La stratification en cat&#xE9;gories de risque, selon des facteurs g&#xE9;n&#xE9;tiques et cliniques, permettra bient&#xF4;t d&#x2019;am&#xE9;liorer les programmes de d&#xE9;pistage du cancer du sein. Nous avons voulu comprendre l&#x2019;influence des dimensions organisationnelles sur l&#x2019;&#xE9;ventuelle implantation de cette approche au Qu&#xE9;bec. M&#xE9;thodes : Des entretiens semi-dirig&#xE9;s ont &#xE9;t&#xE9; effectu&#xE9;s aupr&#xE8;s de 16 d&#xE9;cideurs et gestionnaires du programme qu&#xE9;b&#xE9;cois de d&#xE9;pistage du cancer du sein (PQDCS). Un cadre d&#x2019;analyse institutionnel a &#xE9;t&#xE9; retenu pour analyser les donn&#xE9;es. R&#xE9;sultats : L&#x2019;analyse th&#xE9;matique des entretiens a permis de d&#xE9;gager un consensus sur la n&#xE9;cessit&#xE9; d&#x2019;implanter une approche davantage personnalis&#xE9;e, fond&#xE9;e sur la stratification du risque, en compl&#xE9;mentarit&#xE9; avec le PQDCS. Plusieurs interview&#xE9;s se sont montr&#xE9;s pr&#xE9;occup&#xE9;s par les besoins en termes de ressources humaines ainsi que par le r&#xF4;le que m&#xE9;decins et infirmi&#xE8;res pourraient &#xEA;tre appel&#xE9;s &#xE0; jouer. L&#x2019;adaptation des outils de communication aux caract&#xE9;ristiques des populations locales, l&#x2019;&#xE9;quit&#xE9; interr&#xE9;gionale dans l&#x2019;acc&#xE8;s aux services, et les effets sur le taux de participation au programme organis&#xE9; en place (PQDCS) ont aussi &#xE9;t&#xE9; soulev&#xE9;s par les interview&#xE9;s. Conclusion : Notre analyse fait ressortir l&#x2019;importance du contexte organisationnel du syst&#xE8;me de soins o&#xF9; s&#x2019;implantera l&#x2019;approche par stratification du risque. La disponibilit&#xE9; de ressources humaines form&#xE9;es ad&#xE9;quatement, l&#x2019;adaptation des outils aux r&#xE9;alit&#xE9;s sociod&#xE9;mographiques, et la compatibilit&#xE9; avec les mesures de la performance constituent des &#xE9;l&#xE9;ments-cl&#xE9;s &#xE0;&#xA0;consid&#xE9;rer.</subfield>
  </datafield>
  <datafield tag="520" ind1=" " ind2=" ">
    <subfield code="a">Influence of organizational factors on implementation of a personalized approach to breast cancer screening Objective: Stratification of individuals into risk categories according to genetic and clinical factors will soon improve breast cancer screening programs. This study assessed the influence of organizational factors on the possible implementation of this approach in Quebec. Methods: Semi-structured interviews were conducted with 16&#xA0;managers and decision-makers involved in the Quebec breast cancer screening program (PQDCS). Results: Thematic analysis of the interviews identified a consensus among interviewees on the need to implement a more personalized risk stratification approach that would be complementary to the PQDCS. Several interviewees were concerned about the human resources required and the roles that doctors and nurses may be called upon to play. Interviewees also raised the issues of adaptation of communication tools to the characteristics of local populations; inter-regional equity of access to services; and the possible effects on the participation rate in the current program (PQDCS). Conclusion: This analysis highlights the importance of the organizational context of the healthcare system within which the risk stratification approach is implemented. Availability of qualified human resources, adaptation of tools to socio-demographic realities and compatibility with measures of performance are among the key considerations.</subfield>
  </datafield>
  <datafield tag="690" ind1=" " ind2=" ">
    <subfield code="a">administration des services de sant&#xE9;</subfield>
  </datafield>
  <datafield tag="690" ind1=" " ind2=" ">
    <subfield code="a">analyse g&#xE9;n&#xE9;tique</subfield>
  </datafield>
  <datafield tag="690" ind1=" " ind2=" ">
    <subfield code="a">communication sur la sant&#xE9;</subfield>
  </datafield>
  <datafield tag="690" ind1=" " ind2=" ">
    <subfield code="a">d&#xE9;pistage</subfield>
  </datafield>
  <datafield tag="690" ind1=" " ind2=" ">
    <subfield code="a">d&#xE9;tection pr&#xE9;coce de cancer</subfield>
  </datafield>
  <datafield tag="690" ind1=" " ind2=" ">
    <subfield code="a">m&#xE9;decine personnalis&#xE9;e</subfield>
  </datafield>
  <datafield tag="690" ind1=" " ind2=" ">
    <subfield code="a">early detection of cancer</subfield>
  </datafield>
  <datafield tag="690" ind1=" " ind2=" ">
    <subfield code="a">genetic testing</subfield>
  </datafield>
  <datafield tag="690" ind1=" " ind2=" ">
    <subfield code="a">health communication</subfield>
  </datafield>
  <datafield tag="690" ind1=" " ind2=" ">
    <subfield code="a">health services administration</subfield>
  </datafield>
  <datafield tag="690" ind1=" " ind2=" ">
    <subfield code="a">individualized medicine</subfield>
  </datafield>
  <datafield tag="690" ind1=" " ind2=" ">
    <subfield code="a">screening</subfield>
  </datafield>
  <datafield tag="786" ind1="0" ind2=" ">
    <subfield code="n">Sant&#xE9; Publique | 28 | 3 | 2016-06-08 | p. 353-361 | 0995-3914</subfield>
  </datafield>
  <datafield tag="856" ind1="4" ind2="1">
    <subfield code="u">https://stm.cairn.info/revue-sante-publique-2016-3-page-353?lang=fr&amp;redirect-ssocas=7080</subfield>
  </datafield>
  <datafield tag="999" ind1=" " ind2=" ">
    <subfield code="c">1578736</subfield>
    <subfield code="d">1578736</subfield>
  </datafield>
</record>
